| 000 | 00564nam a2200181Ia 4500 | ||
|---|---|---|---|
| 005 | 20250508162635.0 | ||
| 008 | 008 250505s9999 xx 000 0 eng d | ||
| 037 | _aTextual | ||
| 040 |
_aFEDL _beng _cFEDL |
||
| 041 |
_aeng _2eng |
||
| 084 |
_a410, FRI _qFEDL |
||
| 100 |
_aFries Peter Howard Ed. _965590 |
||
| 245 | 0 | _aToward an understanding of language : Charles carpenter fries in perspective | |
| 260 |
_aAmsterdam, USA _bJohn Benjamins Publishing Company _c1985 |
||
| 300 | _a384p. | ||
| 942 |
_cTEXL _h410, FRI |
||
| 999 |
_c1377783 _d1377783 |
||